|
|
|
|
| LEADER |
00000naa a2200000uu 4500 |
| 001 |
vtls011035306 |
| 003 |
SK-MaSNL |
| 005 |
20260302125012.0 |
| 008 |
220810|2003 xo |||||||||||||||||cze| |
| 015 |
|
|
|a SNBRA
|
| 035 |
|
|
|a (urnnbn)urn:nbn:sk:snk:ar-008tko
|
| 035 |
|
|
|a (uuid)1063065f-71e3-4fc0-a9b4-f568b4a0d1d3
|
| 035 |
|
|
|a urn:nbn:sk:snk-aaupcg
|
| 040 |
|
|
|a SNKBUCL
|b slo
|c SNKBUCL
|e AACR2
|
| 041 |
0 |
|
|a cze
|
| 044 |
|
|
|a xo
|c SK
|
| 100 |
1 |
|
|a Klepárník, Jan
|4 aut
|9 794568
|
| 245 |
1 |
0 |
|a NOVÉ MOŽNOSTI MĚŘENÍ SILOVÝCH PARAMETRŮ DŘEVOOBRÁBĚCÍCH STROJŮ
|c Jan KLEPÁRNÍK, Miroslav ROUSEK
|
| 700 |
1 |
|
|a Rousek, Miroslav
|4 aut
|9 310829
|
| 773 |
0 |
|
|t Obrábanie a spájanie dreva
|d Vo Zvolene : Technická univerzita, 2003
|g S. 63-70
|z 8022812706
|
| 954 |
|
|
|a odborná, vedecká literatúra cudzojazyčná (svetová)
|2 lita
|
| 958 |
|
|
|a OND
|
| 958 |
|
|
|a article12
|
| 958 |
|
|
|a chapter
|
| 999 |
|
|
|c 1291213
|d 1293143
|